[Event "Arlington DC op 3rd"]
[Site "Arlington"]
[Date "2015.06.26"]
[Round "3"]
[White "Korba, Nicky"]
[Black "Hua, David A"]
[Result "1/2-1/2"]
[WhiteElo "2117"]
[BlackElo "2319"]
[PlyCount "64"]
[EventDate "2015.06.25"]
[EventType "swiss"]
[EventRounds "9"]
[EventCountry "USA"]
[SourceTitle "CBM 167 Extra"]
[Source "ChessBase"]
[SourceDate "2015.09.14"]
[SourceVersion "1"]
[SourceVersionDate "2015.09.14"]
[SourceQuality "1"]

1. e4 e5 2. Nf3 Nc6 3. Nc3 Nf6 4. Bb5 Bd6 5. d3 a6 6. Bxc6 dxc6 7. 0-0 0-0 8. h3 Nd7 9. Ne2 Nc5 10. Ng3 f6 11. Nh2 Rf7 12. Nf5 Bf8 13. Ng4 Ne6 14. g3 c5 15. f4 exf4 16. gxf4 Nd4 17. Nfe3 h5 18. Nf2 f5 19. c3 Ne6 20. Ng2 g6 21. Be3 b6 22. Qf3 Bb7 23. Qg3 Rg7 24. h4 Qe8 25. b3 a5 26. Ne1 Be7 27. Nf3 Bf6 28. Rac1 a4 29. b4 c4 30. e5 Be7 31. Nd4 Bd5 32. Rfd1 b5 1/2-1/2

[Event "Saint Louis CCSCSL IM"]
[Site "Saint Louis"]
[Date "2014.11.23"]
[Round "6"]
[White "Vibbert, Sean"]
[Black "Hua, David A"]
[Result "1-0"]
[WhiteElo "2316"]
[BlackElo "2353"]
[PlyCount "57"]
[EventDate "2014.11.21"]
[EventType "tourn"]
[EventRounds "9"]
[EventCountry "USA"]
[EventCategory "2"]
[SourceTitle "CBM 163 Extra"]
[Source "ChessBase"]
[SourceDate "2014.12.23"]
[SourceVersion "1"]
[SourceVersionDate "2014.12.23"]
[SourceQuality "1"]

1. e4 e6 2. Nc3 d5 3. d4 Nf6 4. Bg5 dxe4 5. Nxe4 Be7 6. Nxf6+ Bxf6 7. Bxf6 Qxf6 8. Nf3 0-0 9. c3 b6 10. Bd3 Bb7 11. Qc2 Bxf3 12. gxf3 h6 13. Be4 c6 14. Qd2 a5 15. Rg1 a4 16. a3 Ra5 17. 0-0-0 Rd8 18. Rg3 Kf8 19. Rdg1 g5 20. h4 c5 21. hxg5 hxg5 22. Rxg5 cxd4 23. Rg8+ Ke7 24. Rxd8 Kxd8 25. Rg8+ Kc7 26. cxd4 Nd7 27. Qc3+ Kd6 28. Kb1 e5 29. Re8 1-0

[Event "US Masters op"]
[Site "Greensboro"]
[Date "2014.08.31"]
[Round "6"]
[White "Hua, David A"]
[Black "Zapata, Alonso"]
[Result "1/2-1/2"]
[WhiteElo "2304"]
[BlackElo "2481"]
[PlyCount "41"]
[EventDate "2014.08.28"]
[EventType "swiss"]
[EventRounds "9"]
[EventCountry "USA"]
[SourceTitle "CBM 162 Extra"]
[Source "ChessBase"]
[SourceDate "2014.10.17"]
[SourceVersion "1"]
[SourceVersionDate "2014.10.17"]
[SourceQuality "1"]

1. e4 c5 2. Nf3 e6 3. d4 cxd4 4. Nxd4 a6 5. c4 Qc7 6. Nc3 Nf6 7. Be2 Bb4 8. 0-0 Bxc3 9. bxc3 Nxe4 10. Bf3 Nc5 11. Nb3 d6 12. Bf4 e5 13. Nxc5 Qxc5 14. Be3 Qc7 15. Qd2 Nd7 16. Rfd1 Ke7 17. Rab1 Rb8 18. Ba7 Ra8 19. Be3 Rb8 20. Ba7 Ra8 21. Be3 1/2-1/2

[Event "US Masters op"]
[Site "Greensboro"]
[Date "2014.08.29"]
[Round "3"]
[White "Hua, David A"]
[Black "Jankovic, Alojzije"]
[Result "1-0"]
[WhiteElo "2304"]
[BlackElo "2555"]
[PlyCount "83"]
[EventDate "2014.08.28"]
[EventType "swiss"]
[EventRounds "9"]
[EventCountry "USA"]
[SourceTitle "CBM 162 Extra"]
[Source "ChessBase"]
[SourceDate "2014.10.17"]
[SourceVersion "1"]
[SourceVersionDate "2014.10.17"]
[SourceQuality "1"]

1. d4 Nf6 2. c4 g6 3. f3 Bg7 4. e4 d6 5. Nc3 0-0 6. Be3 Nc6 7. Nge2 a6 8. Qd2 Na5 9. Nc1 Nd7 10. Nb3 Nxb3 11. axb3 e5 12. d5 Nc5 13. Ra3 Qe7 14. b4 Nd7 15. Be2 f5 16. 0-0 Nf6 17. c5 Bd7 18. Rc1 Kh8 19. Bd3 f4 20. Bf2 g5 21. b5 g4 22. bxa6 bxa6 23. Rxa6 Rxa6 24. Bxa6 Rg8 25. cxd6 Qxd6 26. Be2 g3 27. hxg3 fxg3 28. Be3 Nh5 29. Bb5 Bc8 30. Ne2 Qd8 31. Bg5 Bf6 32. Bxf6+ Qxf6 33. Rc6 Qh4 34. Qc3 Qh2+ 35. Kf1 Bh3 36. Qxe5+ Rg7 37. Qe8+ Rg8 38. Qe5+ Rg7 39. Ke1 Qxg2 40. Ra6 Bc8 41. Ra8 Qh3 42. Ba6 1-0

[Event "Arlington DC op 2nd"]
[Site "Arlington"]
[Date "2014.06.29"]
[Round "7"]
[White "Paragua, Mark"]
[Black "Hua, David A"]
[Result "1-0"]
[WhiteElo "2510"]
[BlackElo "2272"]
[PlyCount "133"]
[EventDate "2014.06.26"]
[EventType "swiss"]
[EventRounds "9"]
[EventCountry "USA"]
[SourceTitle "CBM 161 Extra"]
[Source "ChessBase"]
[SourceDate "2014.08.29"]
[SourceVersion "1"]
[SourceVersionDate "2014.08.29"]
[SourceQuality "1"]

1. d4 Nf6 2. Bg5 d5 3. Bxf6 exf6 4. e3 Bd6 5. g3 0-0 6. Bg2 f5 7. Ne2 c6 8. 0-0 Nd7 9. Qd3 Nf6 10. b3 Qe7 11. c4 Be6 12. Nbc3 dxc4 13. bxc4 Rad8 14. Rab1 h5 15. Rfd1 h4 16. d5 Bc8 17. Nd4 hxg3 18. hxg3 cxd5 19. Nxf5 Bxf5 20. Qxf5 dxc4 21. Rxb7 Qe5 22. Qxe5 Bxe5 23. Nd5 c3 24. Ne7+ Kh8 25. Rc1 Rd7 26. Rxd7 Nxd7 27. Nc6 Bf6 28. Kf1 Rc8 29. Ke2 Ne5 30. Nd4 Rc5 31. f4 Nd7 32. Kd3 Ra5 33. Rc2 Nb6 34. Nb3 Nd5 35. a3 Rb5 36. Bxd5 Rxd5+ 37. Nd4 g5 38. Rxc3 gxf4 39. gxf4 Kg7 40. a4 Bxd4 41. exd4 Ra5 42. Rc4 Kf6 43. Kc3 Ke6 44. Rb4 Rf5 45. Rb7 Rxf4 46. Rxa7 Rf1 47. Ra6+ Kd5 48. Ra5+ Kd6 49. Rb5 Rc1+ 50. Kb3 Rd1 51. Kc3 Rc1+ 52. Kd3 Rd1+ 53. Ke3 Re1+ 54. Kd2 Ra1 55. a5 Kc6 56. Rf5 Kd6 57. Kc3 Rc1+ 58. Kb4 Rb1+ 59. Kc4 Rc1+ 60. Kb5 Rb1+ 61. Ka6 Rb4 62. Rb5 Rxd4 63. Kb7 Re4 64. a6 Re7+ 65. Kb6 Re1 66. a7 Ra1 67. Ra5 1-0

[Event "Wch U16"]
[Site "Al Ain"]
[Date "2013.12.27"]
[Round "10"]
[White "Haavamae, Henrik"]
[Black "Hua, David A"]
[Result "1/2-1/2"]
[WhiteElo "2023"]
[BlackElo "2229"]
[PlyCount "63"]
[EventDate "2013.12.18"]
[EventType "swiss"]
[EventRounds "11"]
[EventCountry "UAE"]
[SourceTitle "CBM 158 Extra"]
[Source "ChessBase"]
[SourceDate "2014.02.28"]
[SourceVersion "1"]
[SourceVersionDate "2014.02.28"]
[SourceQuality "1"]

1. e4 c5 2. Nf3 e6 3. d4 cxd4 4. Nxd4 a6 5. Nc3 b5 6. Bd3 Qb6 7. Nf3 Qc7 8. 0-0 Bb7 9. Re1 Be7 10. Bd2 b4 11. Na4 Nc6 12. Be3 d6 13. Rc1 Nf6 14. c3 bxc3 15. Rxc3 Ng4 16. Nd4 Nxe3 17. fxe3 Bf6 18. Qc1 Rc8 19. Re2 Bxd4 20. exd4 Qa5 21. b3 0-0 22. Rec2 Ne7 23. Rc7 Rxc7 24. Rxc7 Rc8 25. Rxc8+ Bxc8 26. Kf2 Bb7 27. Qc3 Qxc3 28. Nxc3 Nc6 29. Ke3 Kf8 30. a3 Ke7 31. b4 g6 32. g3 1/2-1/2

[Event "Wch U16"]
[Site "Al Ain"]
[Date "2013.12.22"]
[Round "6"]
[White "Kwon, Sehyun"]
[Black "Hua, David A"]
[Result "0-1"]
[WhiteElo "1706"]
[BlackElo "2229"]
[PlyCount "106"]
[EventDate "2013.12.18"]
[EventType "swiss"]
[EventRounds "11"]
[EventCountry "UAE"]
[SourceTitle "CBM 158 Extra"]
[Source "ChessBase"]
[SourceDate "2014.02.28"]
[SourceVersion "1"]
[SourceVersionDate "2014.02.28"]
[SourceQuality "1"]

1. e4 c5 2. Nf3 e6 3. c3 Nf6 4. e5 Nd5 5. d4 cxd4 6. cxd4 d6 7. Nc3 Nxc3 8. bxc3 Qc7 9. Qc2 Nd7 10. Bb5 a6 11. Bxd7+ Bxd7 12. Ba3 Rc8 13. exd6 Bxd6 14. Bxd6 Qxd6 15. 0-0 Bb5 16. Rfd1 Qa3 17. Qe4 Qxc3 18. d5 0-0 19. Ng5 Qc2 20. dxe6 Qxe4 21. exf7+ Rxf7 22. Nxe4 Rc2 23. Rd8+ Rf8 24. Rxf8+ Kxf8 25. Ng5 Bd3 26. h3 h6 27. Ne6+ Kg8 28. a4 Bc4 29. Nd4 Rd2 30. Nf3 Rd5 31. a5 Rb5 32. Nd4 Rd5 33. Nc2 Bb5 34. Ne3 Rc5 35. Ra2 Kf7 36. Nc2 Rc4 37. Ne3 Rc1+ 38. Kh2 Ke6 39. Kg3 Ke5 40. h4 Rc5 41. Kf3 Rc3 42. Kg4 Rb3 43. Rc2 Rb4+ 44. Kg3 Bc6 45. Re2 Ra4 46. f4+ Ke6 47. Kg4 Kf6 48. Rd2 Rxa5 49. Rd6+ Ke7 50. Rg6 h5+ 51. Kh3 Kf7 52. Rg3 Ra3 53. Nc4 Rxg3+ 0-1

[Event "Wch U16"]
[Site "Al Ain"]
[Date "2013.12.21"]
[Round "4"]
[White "Sosovicka, Matej"]
[Black "Hua, David A"]
[Result "0-1"]
[WhiteElo "2098"]
[BlackElo "2229"]
[PlyCount "60"]
[EventDate "2013.12.18"]
[EventType "swiss"]
[EventRounds "11"]
[EventCountry "UAE"]
[SourceTitle "CBM 158 Extra"]
[Source "ChessBase"]
[SourceDate "2014.02.28"]
[SourceVersion "1"]
[SourceVersionDate "2014.02.28"]
[SourceQuality "1"]

1. e4 c5 2. Nf3 e6 3. d4 cxd4 4. Nxd4 a6 5. c4 Nf6 6. Nc3 Qc7 7. a3 b6 8. Be3 Bb7 9. f3 Nc6 10. Rc1 Ne5 11. b4 Ng6 12. Nb3 Rb8 13. Qd2 Be7 14. Be2 0-0 15. Na4 Ba8 16. Qd4 Nf4 17. Bf1 e5 18. Qd2 Bxe4 19. fxe4 Nxe4 20. Qc2 Qc6 21. Nd4 exd4 22. Bxf4 Bh4+ 23. g3 Rfe8 24. gxh4 Qf6 25. Be2 Qxh4+ 26. Bg3 Nxg3 27. hxg3 Qxh1+ 28. Kd2 Qg2 29. Re1 Re3 30. Nb2 Rbe8 0-1

[Event "Wch U16"]
[Site "Al Ain"]
[Date "2013.12.18"]
[Round "1"]
[White "Hua, David A"]
[Black "Abbas, Hussein Kzar"]
[Result "1-0"]
[WhiteElo "2229"]
[BlackElo "1754"]
[PlyCount "75"]
[EventDate "2013.12.18"]
[EventType "swiss"]
[EventRounds "11"]
[EventCountry "UAE"]
[SourceTitle "CBM 158 Extra"]
[Source "ChessBase"]
[SourceDate "2014.02.28"]
[SourceVersion "1"]
[SourceVersionDate "2014.02.28"]
[SourceQuality "1"]

1. e4 d6 2. d4 Nf6 3. Nc3 g6 4. h3 Bg7 5. g4 c6 6. a4 Na6 7. Bg2 Qa5 8. Nge2 e5 9. f4 h6 10. 0-0 Nd7 11. Be3 f6 12. Qd2 Qd8 13. Ng3 Nb6 14. b3 Qe7 15. dxe5 dxe5 16. f5 g5 17. a5 Nd7 18. Rfd1 Nc7 19. Na4 0-0 20. Qf2 a6 21. Nb6 Nxb6 22. axb6 Nb5 23. Bc5 Qe8 24. Bxf8 Bxf8 25. Nh5 Be7 26. Bf1 Qf8 27. Bc4+ Kh8 28. Kg2 Nc3 29. Re1 Bc5 30. Qf3 Bd4 31. h4 gxh4 32. Rh1 Bd7 33. Rae1 c5 34. Rxh4 Rd8 35. Ng3 Kg7 36. Reh1 Qh8 37. g5 fxg5 38. Rxh6 1-0

[Event "USA tt"]
[Site "ICC INT"]
[Date "2013.09.11"]
[Round "3"]
[White "Rohde, Michael A"]
[Black "Hua, David A"]
[Result "1-0"]
[WhiteElo "2468"]
[BlackElo "2229"]
[PlyCount "63"]
[EventDate "2013.08.27"]
[EventType "team-tourn"]
[EventRounds "10"]
[EventCountry "USA"]
[SourceTitle "CBM 156 Extra"]
[Source "ChessBase"]
[SourceDate "2013.10.22"]
[SourceVersion "1"]
[SourceVersionDate "2013.10.22"]
[SourceQuality "1"]
[WhiteTeam "Connecticut"]
[BlackTeam "Philadelphia"]
[WhiteTeamCountry "USA"]
[BlackTeamCountry "USA"]

1. Nf3 c5 2. c4 Nf6 3. Nc3 e6 4. g3 b6 5. Bg2 Bb7 6. 0-0 a6 7. Re1 d6 8. e4 Qc7 9. d4 cxd4 10. Nxd4 Be7 11. Be3 0-0 12. Rc1 Nbd7 13. f4 Rfe8 14. g4 e5 15. g5 exd4 16. Bxd4 Nxe4 17. Rxe4 Bxe4 18. Bxe4 Rab8 19. Nd5 Qd8 20. Bxh7+ Kxh7 21. Qh5+ Kg8 22. Rc3 Bxg5 23. fxg5 Re1+ 24. Kf2 Qe8 25. Rh3 Qe2+ 26. Qxe2 Rxe2+ 27. Kxe2 Re8+ 28. Re3 Rxe3+ 29. Kxe3 b5 30. cxb5 axb5 31. Nc3 b4 32. Nd5 1-0

[Event "USA-ch U16"]
[Site "Rockville"]
[Date "2013.07.23"]
[Round "7"]
[White "Hua, David A"]
[Black "Brown, Michael William"]
[Result "0-1"]
[WhiteElo "2229"]
[BlackElo "2249"]
[PlyCount "80"]
[EventDate "2013.07.20"]
[EventType "tourn"]
[EventRounds "7"]
[EventCountry "USA"]
[SourceTitle "EXT 2014"]
[Source "ChessBase"]
[SourceDate "2013.11.20"]
[SourceVersion "1"]
[SourceVersionDate "2013.11.20"]
[SourceQuality "1"]

1. d4 d5 2. c4 dxc4 3. Nf3 Nf6 4. e3 e6 5. Bxc4 a6 6. 0-0 c5 7. dxc5 Bxc5 8. Qxd8+ Kxd8 9. Be2 Ke7 10. Ne5 Nbd7 11. Nc4 Nb6 12. b4 Nxc4 13. bxc5 Ne5 14. Ba3 Rd8 15. Nc3 Ke8 16. Rab1 Ra7 17. f4 Ng6 18. Bf3 Nh4 19. Be2 Bd7 20. Bb4 Bc6 21. Ba5 Rd7 22. g3 Nf5 23. Kf2 Ra8 24. Rfd1 Ne7 25. Bf3 Bxf3 26. Kxf3 Nc6 27. Rxd7 Nxd7 28. Bc7 Rc8 29. Bd6 Nd8 30. Na4 Rc6 31. Rd1 f6 32. f5 exf5 33. Rd5 Nf7 34. Rxf5 Nxd6 35. cxd6 b5 36. Nb2 Ne5+ 37. Ke4 Rc2 38. Nd1 Kd7 39. Rf2 Rc4+ 40. Kd5 Nd3 0-1

[Event "USA-ch U16"]
[Site "Rockville"]
[Date "2013.07.21"]
[Round "3"]
[White "Hua, David A"]
[Black "Li, Ruifeng"]
[Result "1-0"]
[WhiteElo "2229"]
[BlackElo "2212"]
[PlyCount "113"]
[EventDate "2013.07.20"]
[EventType "tourn"]
[EventRounds "7"]
[EventCountry "USA"]
[SourceTitle "EXT 2014"]
[Source "ChessBase"]
[SourceDate "2013.11.20"]
[SourceVersion "1"]
[SourceVersionDate "2013.11.20"]
[SourceQuality "1"]

1. d4 d5 2. c4 c6 3. Nf3 Nf6 4. Nc3 e6 5. e3 Nbd7 6. Qc2 Bd6 7. Bd3 0-0 8. 0-0 dxc4 9. Bxc4 b5 10. Bd3 Bb7 11. a3 a6 12. b4 a5 13. Rb1 Qe7 14. e4 e5 15. Ne2 axb4 16. axb4 Bxb4 17. Ng3 c5 18. Nf5 Qe6 19. dxe5 c4 20. exf6 cxd3 21. Qb2 Ba3 22. Qxb5 Ba6 23. Qd5 Qxd5 24. exd5 Bxc1 25. fxg7 Rfd8 26. Rfxc1 Nf6 27. Ne5 Nxd5 28. Rc5 Bc8 29. Nh6+ Kxg7 30. Nhxf7 Rf8 31. Rxd5 Be6 32. Rxd3 Bxf7 33. Rd7 Kg8 34. Rxf7 Rxf7 35. Nxf7 Kxf7 36. g4 Ra4 37. h3 h5 38. Rb7+ Kg6 39. Rb6+ Kg7 40. gxh5 Rh4 41. h6+ Kh7 42. Kg2 Ra4 43. Rf6 Ra3 44. f3 Ra1 45. Kg3 Ra4 46. f4 Ra1 47. Kg4 Ra5 48. h4 Rb5 49. f5 Rb1 50. Kh5 Rb7 51. Kg5 Ra7 52. Re6 Rf7 53. f6 Rf8 54. Re7+ Kh8 55. f7 Kh7 56. Kf6 Ra8 57. f8Q# 1-0

[Event "USA-ch U16"]
[Site "Rockville"]
[Date "2013.07.20"]
[Round "2"]
[White "Williams, Justus D"]
[Black "Hua, David A"]
[Result "1/2-1/2"]
[WhiteElo "2200"]
[BlackElo "2229"]
[PlyCount "64"]
[EventDate "2013.07.20"]
[EventType "tourn"]
[EventRounds "7"]
[EventCountry "USA"]
[SourceTitle "EXT 2014"]
[Source "ChessBase"]
[SourceDate "2013.11.20"]
[SourceVersion "1"]
[SourceVersionDate "2013.11.20"]
[SourceQuality "1"]

1. Nf3 Nf6 2. c4 c6 3. g3 d5 4. Bg2 dxc4 5. Qc2 Qd5 6. Na3 Be6 7. b3 cxb3 8. axb3 Qxb3 9. Qxb3 Bxb3 10. Rb1 Bd5 11. Rxb7 Nbd7 12. d3 e6 13. 0-0 c5 14. Rb1 a6 15. Nc4 Be7 16. Ba3 0-0 17. Rbc1 Rfc8 18. Rc2 Rab8 19. Rfc1 Bc6 20. Nfe5 Ba4 21. Rc3 Bb5 22. R3c2 Rc7 23. Nxd7 Nxd7 24. Na5 Ba4 25. Rc4 Bb5 26. R4c2 Bg5 27. Rb1 Bf6 28. Rbc1 Ba4 29. Rc4 Bb5 30. R4c2 Ba4 31. Rc4 Rb5 32. Rxa4 Nb6 1/2-1/2

[Event "North American op 22nd"]
[Site "Las Vegas"]
[Date "2012.12.30"]
[Round "9"]
[White "Hua, David A"]
[Black "Viswanadha, Kesav"]
[Result "1-0"]
[WhiteElo "2254"]
[BlackElo "2130"]
[PlyCount "87"]
[EventDate "2012.12.26"]
[EventType "swiss"]
[EventRounds "9"]
[EventCountry "USA"]
[SourceTitle "CBM 152 Extra"]
[Source "ChessBase"]
[SourceDate "2013.02.25"]
[SourceVersion "1"]
[SourceVersionDate "2013.02.25"]
[SourceQuality "1"]

1. e4 c5 2. Nf3 d6 3. d4 cxd4 4. Nxd4 Nf6 5. f3 e5 6. Nb3 a5 7. Be3 Be6 8. c4 a4 9. N3d2 Qa5 10. Nc3 a3 11. Qb3 axb2 12. Qxb2 Nbd7 13. Nd5 Bxd5 14. cxd5 Be7 15. Be2 0-0 16. 0-0 Qa3 17. Qxa3 Rxa3 18. Nc4 Ra4 19. Rfb1 Rfa8 20. a3 Rb8 21. Rb5 h6 22. Rab1 Rc8 23. Rxb7 Rcxc4 24. Bxc4 Rxc4 25. Ra7 Kh7 26. a4 Rc3 27. Bf2 Bd8 28. Ra8 Bc7 29. Rc8 Nb6 30. Rxc7 Rxc7 31. Bxb6 Rb7 32. a5 Nd7 33. Rc1 Nxb6 34. Rb1 Ra7 35. axb6 Rb7 36. Kf2 Kg6 37. Ke3 Kf6 38. Kd3 Ke7 39. Kc4 Kd7 40. Kb5 Rb8 41. Ra1 g6 42. Ra7+ Ke8 43. b7 Kd7 44. Kb6 1-0

[Event "North American op 22nd"]
[Site "Las Vegas"]
[Date "2012.12.29"]
[Round "7"]
[White "Hua, David A"]
[Black "Aripov, Iskandar"]
[Result "1/2-1/2"]
[WhiteElo "2254"]
[BlackElo "2165"]
[PlyCount "40"]
[EventDate "2012.12.26"]
[EventType "swiss"]
[EventRounds "9"]
[EventCountry "USA"]
[SourceTitle "CBM 152 Extra"]
[Source "ChessBase"]
[SourceDate "2013.02.25"]
[SourceVersion "1"]
[SourceVersionDate "2013.02.25"]
[SourceQuality "1"]

1. e4 c5 2. Nf3 g6 3. d4 cxd4 4. Nxd4 Nc6 5. c4 Nf6 6. Nc3 Nxd4 7. Qxd4 d6 8. Be3 Bg7 9. Be2 0-0 10. Qd2 a5 11. 0-0 Be6 12. f4 a4 13. Rab1 Qa5 14. Rfc1 Rfc8 15. b4 axb3 16. axb3 Qb4 17. Bf3 Nd7 18. Qc2 Qxc3 19. Qxc3 Bxc3 20. Rxc3 b5 1/2-1/2

[Event "North American op 22nd"]
[Site "Las Vegas"]
[Date "2012.12.26"]
[Round "1"]
[White "Hua, David A"]
[Black "Lenderman, Aleksandr"]
[Result "1/2-1/2"]
[WhiteElo "2254"]
[BlackElo "2619"]
[PlyCount "82"]
[EventDate "2012.12.26"]
[EventType "swiss"]
[EventRounds "9"]
[EventCountry "USA"]
[SourceTitle "CBM 152 Extra"]
[Source "ChessBase"]
[SourceDate "2013.02.25"]
[SourceVersion "1"]
[SourceVersionDate "2013.02.25"]
[SourceQuality "1"]

1. e4 c6 2. c4 d5 3. exd5 cxd5 4. cxd5 Nf6 5. Qa4+ Nbd7 6. Nc3 g6 7. Nf3 Bg7 8. Qb3 0-0 9. Bc4 a6 10. a4 Nc5 11. Qa3 Nce4 12. 0-0 Nxc3 13. dxc3 Nxd5 14. Rd1 e6 15. Be3 Re8 16. Bd4 Nf6 17. a5 Qc7 18. Qb3 Nd7 19. Bxg7 Kxg7 20. Be2 Nf6 21. Ra4 Bd7 22. Rc4 Qxa5 23. Qxb7 Reb8 24. Rxd7 Rxb7 25. Rxb7 Qa1+ 26. Bf1 Ne8 27. Rf4 Nd6 28. Rd7 Nf5 29. Ng5 e5 30. Rb4 Nh6 31. Rbb7 Qa2 32. c4 Rh8 33. Nxf7 Nxf7 34. Rxf7+ Kh6 35. Rfe7 Qb1 36. Rb3 Rd8 37. Rf7 Rd1 38. Rh3+ Kg5 39. Rg3+ Kh6 40. Rh3+ Kg5 41. Rg3+ Kh6 1/2-1/2